[Event "Wch U20 Girls 38th"]
[Site "Cala Gonone"]
[Date "2022.10.15"]
[Round "5"]
[White "Pipia, Ekaterine"]
[Black "Daniilidi, Dimitra Lydia"]
[Result "1-0"]
[WhiteElo "1926"]
[BlackElo "1498"]
[PlyCount "47"]
[EventDate "2022.10.12"]
[EventType "swiss"]
[EventRounds "11"]
[EventCountry "ITA"]
[SourceTitle "CBM 210 Extra"]
[Source "ChessBase"]
[SourceDate "2022.11.30"]
[SourceVersion "1"]
[SourceVersionDate "2022.11.30"]
[SourceQuality "1"]

1. d4 f5 2. c4 Nf6 3. Nc3 g6 4. Nf3 Bg7 5. Bf4 d6 6. h3 c6 7. e3 0-0 8. Be2 Qe8 9. 0-0 Nbd7 10. Bh2 e5 11. d5 Qe7 12. b4 e4 13. Nd4 Ne5 14. dxc6 bxc6 15. Nxc6 Nxc6 16. Bxd6 Qe8 17. Bxf8 Qxf8 18. a3 Be6 19. Rc1 Ne5 20. Nb5 Rd8 21. Nd4 Bd7 22. c5 Nc6 23. Qb3+ Qf7 24. Bc4 1-0

[Event "Wch U20 Girls 38th"]
[Site "Cala Gonone"]
[Date "2022.10.13"]
[Round "2"]
[White "Pipia, Ekaterine"]
[Black "Andhin, Chethanah"]
[Result "1-0"]
[WhiteElo "1926"]
[BlackElo "1493"]
[PlyCount "57"]
[EventDate "2022.10.12"]
[EventType "swiss"]
[EventRounds "11"]
[EventCountry "ITA"]
[SourceTitle "CBM 210 Extra"]
[Source "ChessBase"]
[SourceDate "2022.11.30"]
[SourceVersion "1"]
[SourceVersionDate "2022.11.30"]
[SourceQuality "1"]

1. d4 d5 2. c4 c6 3. cxd5 cxd5 4. Bf4 Nf6 5. e3 Bf5 6. Nc3 e6 7. Nf3 Qb6 8. Bxb8 Rxb8 9. Bb5+ Ke7 10. 0-0 Ne4 11. Qe2 Nd6 12. Bd3 Bxd3 13. Qxd3 g6 14. e4 dxe4 15. Nxe4 Nxe4 16. Qxe4 Bg7 17. d5 Rbe8 18. dxe6 fxe6 19. Rfe1 Bf6 20. Rac1 Kf7 21. Qf4 Kg7 22. Ne5 Re7 23. Ng4 Rf8 24. Qh6+ Kg8 25. Nxf6+ Kf7 26. Nxh7 Rg8 27. Ng5+ Kf6 28. Rc3 Ree8 29. Rf3+ 1-0

[Event "Wch U20 Girls 38th"]
[Site "Cala Gonone"]
[Date "2022.10.13"]
[Round "3"]
[White "Pipia, Ekaterine"]
[Black "Kurmangaliyeva, Liya"]
[Result "1/2-1/2"]
[WhiteElo "1926"]
[BlackElo "2199"]
[PlyCount "60"]
[EventDate "2022.10.12"]
[EventType "swiss"]
[EventRounds "11"]
[EventCountry "ITA"]
[SourceTitle "CBM 210 Extra"]
[Source "ChessBase"]
[SourceDate "2022.11.30"]
[SourceVersion "1"]
[SourceVersionDate "2022.11.30"]
[SourceQuality "1"]

1. d4 d5 2. c4 e6 3. Nf3 c6 4. cxd5 exd5 5. Nc3 Bd6 6. Bg5 Ne7 7. e3 h6 8. Bh4 Qb6 9. Qc2 Bf5 10. Bd3 Bxd3 11. Qxd3 0-0 12. 0-0 Ng6 13. Bg3 Bxg3 14. hxg3 Re8 15. a3 a5 16. Na4 Qc7 17. b4 axb4 18. axb4 Nd7 19. b5 Ra5 20. bxc6 bxc6 21. Nb2 Rea8 22. Rxa5 Rxa5 23. Rc1 Qb6 24. Qc3 c5 25. dxc5 Rxc5 26. Qd2 Nge5 27. Nxe5 Nxe5 28. Rxc5 Qxc5 29. Na4 Qa3 30. Qc3 Qxa4 1/2-1/2

[Event "Wch U20 Girls 38th"]
[Site "Cala Gonone"]
[Date "2022.10.12"]
[Round "1"]
[White "Goltseva, Ekaterina"]
[Black "Pipia, Ekaterine"]
[Result "1-0"]
[WhiteElo "2300"]
[BlackElo "1926"]
[PlyCount "63"]
[EventDate "2022.10.12"]
[EventType "swiss"]
[EventRounds "11"]
[EventCountry "ITA"]
[SourceTitle "CBM 210 Extra"]
[Source "ChessBase"]
[SourceDate "2022.11.30"]
[SourceVersion "1"]
[SourceVersionDate "2022.11.30"]
[SourceQuality "1"]

1. d4 d5 2. c4 e6 3. Nc3 Be7 4. cxd5 exd5 5. Bf4 Nf6 6. e3 c6 7. Bd3 0-0 8. Nf3 Nbd7 9. h3 Re8 10. 0-0 Nf8 11. Ne5 Ng6 12. Bg3 Bd6 13. f4 a6 14. Qf3 c5 15. Rad1 cxd4 16. exd4 Qb6 17. Rf2 Ne7 18. Bh4 Bc7 19. g4 Qd6 20. Re2 b5 21. g5 Nd7 22. Bxh7+ Kf8 23. Qh5 Nxe5 24. fxe5 Qe6 25. Rf2 Nc6 26. g6 Nxe5 27. dxe5 Bb6 28. gxf7 Re7 29. Bg6 Bxf2+ 30. Bxf2 Rxf7 31. Bc5+ Ke8 32. Rf1 1-0

[Event "EU-ch Hybrid U18 Girls"]
[Site "Tornelo INT"]
[Date "2021.10.15"]
[Round "4"]
[White "Pipia, Ekaterine"]
[Black "Petrova, Maria"]
[Result "1-0"]
[WhiteElo "1889"]
[BlackElo "1800"]
[PlyCount "71"]
[EventDate "2021.10.15"]
[EventType "swiss"]
[EventRounds "9"]
[EventCountry "NET"]
[SourceTitle "EXT 2023"]
[Source "ChessBase"]
[SourceDate "2022.10.05"]
[SourceVersion "1"]
[SourceVersionDate "2022.10.05"]
[SourceQuality "1"]
[WhiteTeam "Georgia"]
[BlackTeam "Bulgaria"]
[WhiteTeamCountry "GEO"]
[BlackTeamCountry "BUL"]

1. d4 Nf6 2. c4 e6 3. Nf3 b6 4. e3 Bb7 5. Nc3 Bb4 6. Bd3 Ne4 7. 0-0 Bxc3 8. bxc3 f5 9. Qc2 0-0 10. Ne1 Qh4 11. f3 Ng5 12. Qf2 Qh5 13. Qg3 d6 14. h4 Nf7 15. e4 Nh6 16. e5 dxe5 17. Qxe5 Qxh4 18. Qxe6+ Kh8 19. Bxh6 Qxh6 20. Bxf5 Qg5 21. Bc2 Na6 22. Qh3 h6 23. Nd3 Bc8 24. Qh2 Qd2 25. g4 Qxc3 26. Ne5 Qxd4+ 27. Kh1 Kg8 28. Be4 Be6 29. Rad1 Qe3 30. Ng6 Rae8 31. Nxf8 Rxf8 32. Qe5 Qg5 33. Qxe6+ Kh8 34. Qg6 Qh4+ 35. Kg2 Kg8 36. Rd7 1-0

[Event "World Cup U18 Girls Prel"]
[Site "Tornelo INT"]
[Date "2021.08.01"]
[Round "5"]
[White "Galvan Cipriani, Viviana"]
[Black "Pipia, Ekaterine"]
[Result "0-1"]
[WhiteElo "2071"]
[BlackElo "1953"]
[PlyCount "64"]
[EventDate "2021.08.01"]
[EventType "swiss (rapid)"]
[EventRounds "10"]
[EventCountry "NET"]
[SourceTitle "EXT 2024"]
[Source "ChessBase"]
[SourceDate "2023.10.10"]
[SourceVersion "1"]
[SourceVersionDate "2023.10.10"]
[SourceQuality "1"]

1. c4 e6 2. Nf3 d5 3. g3 Nf6 4. Bg2 dxc4 5. Qa4+ Nbd7 6. Qxc4 Be7 7. 0-0 0-0 8. b3 a6 9. Bb2 c5 10. Qc2 Rb8 11. d4 b6 12. Nc3 Bb7 13. Rfd1 cxd4 14. Rxd4 Qc7 15. Rc1 Rbc8 16. Rdd1 b5 17. Qb1 Qb6 18. e3 Nc5 19. Ne1 Bxg2 20. Nxg2 Qb7 21. Ne2 Nce4 22. Rxc8 Rxc8 23. Bxf6 Bxf6 24. h4 h6 25. f3 Nc3 26. Nxc3 Rxc3 27. Kf2 Qc7 28. Rd2 Rc1 29. Qd3 Ra1 30. Nf4 Qc1 31. e4 Qg1+ 32. Ke2 Re1# 0-1

[Event "World Cup U18 Girls Prel"]
[Site "Tornelo INT"]
[Date "2021.08.01"]
[Round "6"]
[White "Pipia, Ekaterine"]
[Black "Rodriguez Redondo, Adhara"]
[Result "0-1"]
[WhiteElo "1953"]
[BlackElo "2138"]
[PlyCount "120"]
[EventDate "2021.08.01"]
[EventType "swiss (rapid)"]
[EventRounds "10"]
[EventCountry "NET"]
[SourceTitle "EXT 2024"]
[Source "ChessBase"]
[SourceDate "2023.10.10"]
[SourceVersion "1"]
[SourceVersionDate "2023.10.10"]
[SourceQuality "1"]

1. d4 d5 2. c4 e6 3. Nf3 Nf6 4. Nc3 Be7 5. Bg5 0-0 6. e3 h6 7. Bh4 b6 8. cxd5 Nxd5 9. Bg3 Bb7 10. Bd3 Nd7 11. 0-0 c5 12. Rc1 N7f6 13. h3 Rc8 14. Bb1 cxd4 15. Nxd4 Nxc3 16. bxc3 Qd5 17. Nf3 Qa5 18. Qc2 Be4 19. Qe2 Bxb1 20. Rxb1 Rxc3 21. Rb5 Qa4 22. Nd4 Qc4 23. Qb2 Ba3 24. Qb1 Rc8 25. Rb3 Rc1 26. Rxc1 Qxc1+ 27. Qxc1 Rxc1+ 28. Kh2 Bc5 29. Nb5 a6 30. Nc3 b5 31. Be5 Nd7 32. Bg3 f5 33. a3 Be7 34. Ne2 Ra1 35. Nd4 Rxa3 36. Rxa3 Bxa3 37. Nxe6 a5 38. Nc7 b4 39. Bd6 Bb2 40. Nb5 b3 41. Kg3 Kf7 42. Kf3 Ke6 43. Ba3 Bxa3 44. Nxa3 Nc5 45. Ke2 Kd5 46. Kd2 a4 47. f3 Na6 48. Kc3 Kc5 49. Nb1 Nc7 50. Kb2 Nd5 51. e4 fxe4 52. fxe4 Ne3 53. Nc3 Nc4+ 54. Kb1 Kb4 55. Nd5+ Ka3 56. e5 Nxe5 57. Nf4 Nc4 58. Ne6 b2 59. Nxg7 Kb3 60. Nf5 Nd2# 0-1

[Event "World Cup U18 Girls Prel"]
[Site "Tornelo INT"]
[Date "2021.08.01"]
[Round "3"]
[White "Pipia, Ekaterine"]
[Black "Vijayasubhasri, S."]
[Result "1-0"]
[WhiteElo "1953"]
[BlackElo "1567"]
[PlyCount "63"]
[EventDate "2021.08.01"]
[EventType "swiss (rapid)"]
[EventRounds "10"]
[EventCountry "NET"]
[SourceTitle "EXT 2024"]
[Source "ChessBase"]
[SourceDate "2023.10.10"]
[SourceVersion "1"]
[SourceVersionDate "2023.10.10"]
[SourceQuality "1"]

1. d4 d5 2. c4 e6 3. Nf3 Nf6 4. Nc3 c5 5. e3 Nc6 6. Be2 cxd4 7. exd4 Be7 8. 0-0 0-0 9. h3 a6 10. a3 dxc4 11. Bxc4 b5 12. Ba2 Bb7 13. Bg5 h6 14. Bh4 Na5 15. Qd3 Bxf3 16. Qxf3 Qxd4 17. Bg3 Nc4 18. Rad1 Qc5 19. b4 Qh5 20. Qb7 Rfe8 21. Bxc4 bxc4 22. Rd4 a5 23. Rxc4 axb4 24. axb4 Bf8 25. b5 Qf5 26. b6 Nh5 27. Bh2 Bc5 28. g4 Qg6 29. Rxc5 Nf6 30. Rc7 Reb8 31. Qc6 Qd3 32. b7 1-0

[Event "GEO-ch (Women) 1st League 78th"]
[Site "Tbilisi"]
[Date "2021.03.22"]
[Round "5"]
[White "Gvetadze, Sofio"]
[Black "Pipia, Ekaterine"]
[Result "1-0"]
[WhiteElo "2317"]
[BlackElo "2019"]
[PlyCount "87"]
[EventDate "2021.03.18"]
[EventType "swiss"]
[EventRounds "9"]
[EventCountry "GEO"]
[SourceTitle "CBM 201 Extra"]
[Source "ChessBase"]
[SourceDate "2021.05.31"]
[SourceVersion "1"]
[SourceVersionDate "2021.05.31"]
[SourceQuality "1"]

1. Nf3 d5 2. g3 Nf6 3. Bg2 Bf5 4. 0-0 h6 5. c4 c6 6. Qb3 Qb6 7. Qxb6 axb6 8. cxd5 Nxd5 9. Nc3 Nxc3 10. bxc3 e6 11. d3 Ba3 12. Bf4 Nd7 13. Rfb1 0-0 14. Nd2 Ra6 15. e4 Bh7 16. d4 Rfa8 17. Bf1 b5 18. c4 Bf8 19. cxb5 Rxa2 20. Rxa2 Rxa2 21. bxc6 bxc6 22. h4 e5 23. Bc4 Ra5 24. Rb7 exf4 25. Rxd7 Bg6 26. gxf4 Ra1+ 27. Kg2 Rc1 28. f5 Bh5 29. Ba6 Bb4 30. Nf1 Rc3 31. Ne3 Ra3 32. Bb7 c5 33. d5 Be2 34. d6 Bb5 35. Rd8+ Kh7 36. Bd5 Ra7 37. e5 Ba5 38. Rf8 Bc3 39. Bxf7 Bc6+ 40. Kh3 Rxf7 41. Rxf7 Bxe5 42. d7 Bc7 43. Rf8 Bxd7 44. Rf7 1-0

[Event "GEO-ch (Women) 1st League 78th"]
[Site "Tbilisi"]
[Date "2021.03.20"]
[Round "3"]
[White "Sordia, Marta"]
[Black "Pipia, Ekaterine"]
[Result "0-1"]
[WhiteElo "1226"]
[BlackElo "2019"]
[PlyCount "66"]
[EventDate "2021.03.18"]
[EventType "swiss"]
[EventRounds "9"]
[EventCountry "GEO"]
[SourceTitle "CBM 201 Extra"]
[Source "ChessBase"]
[SourceDate "2021.05.31"]
[SourceVersion "1"]
[SourceVersionDate "2021.05.31"]
[SourceQuality "1"]

1. e4 g6 2. d4 Bg7 3. Nc3 d6 4. Be3 a6 5. Qd2 b5 6. f3 Nd7 7. g4 Bb7 8. h4 h6 9. 0-0-0 Rc8 10. Kb1 c5 11. dxc5 Nxc5 12. Bd4 Nf6 13. Nh3 Ne6 14. Be3 Nd7 15. Ne2 Ne5 16. Neg1 Nxf3 17. Nxf3 Bxe4 18. Rc1 Bxf3 19. Rg1 Nc5 20. Nf2 Na4 21. Bd4 e5 22. Be3 d5 23. Re1 Qc7 24. Be2 Bxe2 25. Rxe2 d4 26. Bxd4 0-0 27. Be3 Rfd8 28. Qe1 e4 29. Nd1 Rxd1+ 30. Qxd1 Nc3+ 31. bxc3 Qxc3 32. Bd4 Bxd4 33. Kc1 e3 0-1

[Event "EU-Cup Online Gr-D (Women)"]
[Site "Tornelo INT"]
[Date "2020.12.19"]
[Round "3.4"]
[White "Narva, Triin"]
[Black "Pipia, Ekaterine"]
[Result "0-1"]
[WhiteElo "2100"]
[BlackElo "2019"]
[PlyCount "60"]
[EventDate "2020.12.19"]
[EventType "team-tourn (rapid)"]
[EventRounds "9"]
[EventCountry "ISS"]
[SourceTitle "CBM 199 Extra"]
[Source "ChessBase"]
[SourceDate "2021.01.31"]
[SourceVersion "1"]
[SourceVersionDate "2021.01.31"]
[SourceQuality "1"]
[WhiteTeam "Reval Sport (W)"]
[BlackTeam "Tbilisi Chess Academy (W)"]
[WhiteTeamCountry "EST"]
[BlackTeamCountry "GEO"]

1. e4 c5 2. Nc3 Nc6 3. g3 g6 4. Bg2 Bg7 5. d3 d6 6. Nge2 e6 7. 0-0 Nge7 8. f4 0-0 9. g4 f5 10. h3 a6 11. a4 Kh8 12. Kh1 e5 13. gxf5 gxf5 14. Ng3 exf4 15. Bxf4 Ng6 16. Qh5 Nxf4 17. Rxf4 Rf6 18. Nxf5 Bxf5 19. Rxf5 Rh6 20. Qf7 Nd4 21. Rf2 Qh4 22. Raf1 Be5 23. Qd7 Ne6 24. Ne2 Rg8 25. Rf3 Qg5 26. Rg1 Rg7 27. Qc8+ Rg8 28. Qxb7 Nd4 29. Nxd4 Bxd4 30. Qf7 Bxg1 0-1

[Event "GEO-ch U20 Girls"]
[Site "Tbilisi"]
[Date "2020.08.08"]
[Round "3"]
[White "Pipia, Ekaterine"]
[Black "Koridze, Lile"]
[Result "1-0"]
[WhiteElo "2071"]
[BlackElo "1996"]
[PlyCount "89"]
[EventDate "2020.08.06"]
[EventType "swiss"]
[EventRounds "9"]
[EventCountry "GEO"]
[SourceTitle "CBM 197 Extra"]
[Source "ChessBase"]
[SourceDate "2020.09.30"]
[SourceVersion "1"]
[SourceVersionDate "2020.09.30"]
[SourceQuality "1"]

1. d4 Nf6 2. c4 e6 3. Nf3 d5 4. Nc3 Bb4 5. Qa4+ Nc6 6. e3 0-0 7. Qc2 dxc4 8. Bxc4 Bd6 9. a3 e5 10. d5 Ne7 11. e4 Ng6 12. Nb5 Bd7 13. Be3 Bxb5 14. Bxb5 c6 15. Bc4 cxd5 16. exd5 Rc8 17. Qb3 e4 18. Nd2 Qc7 19. h3 Ne5 20. Be2 b6 21. 0-0 Qb7 22. Bg5 Ned7 23. Bb5 Nc5 24. Qc4 Nxd5 25. Nxe4 Nxe4 26. Qxe4 Qb8 27. Rfd1 Nf4 28. Rxd6 Qxd6 29. Bxf4 Qc5 30. Bd3 Qh5 31. Re1 Rcd8 32. Bc2 g6 33. Qb7 Qc5 34. Bb3 Qb5 35. Re3 Rd7 36. Qe4 Qh5 37. g4 Qh4 38. Bg3 Qd8 39. h4 Rd4 40. Qf3 h6 41. Be5 Rd2 42. Bf6 Qa8 43. Qf4 Rc8 44. Bc3 Rxc3 45. Qxf7+ 1-0

[Event "Silkway Cup Online"]
[Site "Playchess.com INT"]
[Date "2020.05.28"]
[Round "13"]
[White "Pipia, Ekaterine"]
[Black "Mamedjarova, Zeinab"]
[Result "0-1"]
[WhiteElo "2071"]
[BlackElo "2278"]
[PlyCount "130"]
[EventDate "2020.05.26"]
[EventType "swiss (blitz)"]
[EventRounds "15"]
[EventCountry "AZE"]
[SourceTitle "CBM 196"]
[Source "ChessBase"]
[SourceDate "2020.06.30"]
[SourceVersion "1"]
[SourceVersionDate "2020.06.30"]
[SourceQuality "1"]

1. d4 d5 2. c4 e6 3. Nf3 Be7 4. Nc3 Nf6 5. Bg5 dxc4 6. e3 0-0 7. Bxc4 a6 8. a4 b6 9. 0-0 Bb7 10. Qe2 Nbd7 11. Rfd1 Re8 12. Rac1 Nf8 13. Ne5 Ng6 14. Nxg6 hxg6 15. h3 Nd7 16. Bf4 Bd6 17. Bxd6 cxd6 18. d5 e5 19. Ne4 Nc5 20. Nxc5 bxc5 21. Rb1 Re7 22. b4 cxb4 23. Rxb4 a5 24. Rb2 Bc8 25. Rdb1 Rc7 26. Bb5 Bf5 27. e4 Bd7 28. h4 Qxh4 29. Bxd7 Rxd7 30. Qb5 Rdd8 31. Qd3 Rdc8 32. Rb7 Qd8 33. Qb5 Rc5 34. Qd7 Qxd7 35. Rxd7 Rc4 36. Rbb7 Rf8 37. Rxd6 Rxe4 38. Ra6 Rxa4 39. d6 Rd4 40. d7 a4 41. Rba7 Rd8 42. Rxa4 Rxa4 43. Rxa4 Rxd7 44. Ra8+ Kh7 45. Re8 Rd5 46. Kf1 f5 47. Ke2 Kh6 48. Kf3 Kg5 49. Ke3 Ra5 50. Re7 Kf6 51. Rb7 Ra3+ 52. Ke2 f4 53. Rb6+ Kf5 54. Rb7 Ra2+ 55. Ke1 Ra1+ 56. Ke2 g5 57. Rxg7 Ra2+ 58. Ke1 g4 59. Rf7+ Ke4 60. Rb7 g3 61. Rb4+ Kf5 62. fxg3 fxg3 63. Kf1 Rf2+ 64. Kg1 Rd2 65. Rb3 Rd1# 0-1

[Event "Silkway Cup Online"]
[Site "Playchess.com INT"]
[Date "2020.05.28"]
[Round "15"]
[White "Pipia, Ekaterine"]
[Black "Tsatsalashvili, Ketevan"]
[Result "0-1"]
[WhiteElo "2071"]
[BlackElo "2363"]
[PlyCount "58"]
[EventDate "2020.05.26"]
[EventType "swiss (blitz)"]
[EventRounds "15"]
[EventCountry "AZE"]
[SourceTitle "CBM 196"]
[Source "ChessBase"]
[SourceDate "2020.06.30"]
[SourceVersion "1"]
[SourceVersionDate "2020.06.30"]
[SourceQuality "1"]

1. d4 Nf6 2. c4 e6 3. Nf3 b6 4. Nc3 Bb7 5. Bg5 d5 6. e3 Be7 7. Rc1 c6 8. Bd3 0-0 9. 0-0 h6 10. Bh4 Nbd7 11. b3 Rc8 12. Bb1 Re8 13. Qc2 dxc4 14. bxc4 c5 15. d5 exd5 16. cxd5 Nf8 17. e4 Nxd5 18. exd5 Bxh4 19. d6 Bxf3 20. gxf3 Qxd6 21. Nb5 Qf4 22. Rfd1 Rcd8 23. Nxa7 Qxf3 24. Rxd8 Rxd8 25. Qe4 Qxf2+ 26. Kh1 Bg5 27. Rg1 Rd2 28. Qe5 Qf3+ 29. Rg2 Qxg2# 0-1

[Event "Silkway Cup Online"]
[Site "Playchess.com INT"]
[Date "2020.05.26"]
[Round "5"]
[White "Abdulla, Khayala Mardan Qizi"]
[Black "Pipia, Ekaterine"]
[Result "1-0"]
[WhiteElo "2276"]
[BlackElo "2071"]
[PlyCount "81"]
[EventDate "2020.05.26"]
[EventType "swiss (blitz)"]
[EventRounds "15"]
[EventCountry "AZE"]
[SourceTitle "CBM 196"]
[Source "ChessBase"]
[SourceDate "2020.06.30"]
[SourceVersion "1"]
[SourceVersionDate "2020.06.30"]
[SourceQuality "1"]

1. e4 c5 2. c3 d5 3. exd5 Qxd5 4. d4 Nf6 5. Nf3 Nc6 6. Na3 cxd4 7. Nb5 Qd8 8. Nbxd4 Nxd4 9. Qxd4 Qxd4 10. Nxd4 e6 11. g3 Be7 12. Bg2 0-0 13. 0-0 Nd5 14. c4 Nb6 15. b3 Bf6 16. Be3 Rb8 17. a4 e5 18. Nb5 e4 19. Rad1 Bg4 20. Rd2 a6 21. Bxb6 axb5 22. axb5 Bc3 23. Rc2 Bb4 24. Bxe4 Rfe8 25. f3 Bh3 26. Rd1 h5 27. c5 Ra8 28. Bxb7 Ra3 29. c6 Rxb3 30. c7 Bc3 31. Rdc1 Rxb5 32. Bc6 Rxb6 33. Bxe8 Bd4+ 34. Kh1 Bc8 35. Rd1 Be3 36. Bd7 Bb7 37. c8Q+ Kh7 38. Qxb7 Rxb7 39. Bc6 Rb6 40. Be4+ Rg6 41. Bxg6+ 1-0